000 00748nam a2200181 4500
001 138632
003 ES-MaACL
005 20230906195613.0
007 t|
008 070214s1908 sp r ||||1| spa d
100 1 _aSantander, Federico.
_9103332
245 1 0 _aOrganización política de España
_b: (la teoría y la práctica) : discurso leído en el acto de recibir el grado de Doctor en Derecho... en la Universidad Central el día 28 de octubre de 1905 /
_cpor Federico Santander Ruiz-Giménez.
260 _aValladolid :
_b[s. n.],
_c1908 (
_fTip. del Colegio Santiago)
300 _a130 p. ;
_c22 cm.
500 _aTesis doctoral.
710 2 _aUniversidad Central (Madrid).
_bFacultad de Derecho.
_97090
852 _aES-MaACL
_jT-1125-F-1
999 _c138632
_d138632